000 00456nam a2200181Ia 4500
001 16260
005 20260306170256.0
008 260306t2012||||xx |||||||||||||| ||und||
041 _aESP
082 _a347.51
_bN82
100 _aNorthcote Sandoval, Cristhian
_eAUT
245 0 _aManual prático de la ley general de sociedades
260 _c2012
300 _a1000 páginas :
_c25 cm.
650 _aGEN
654 _aCDE
942 _cLIB
_dJUS
_fJUS
_2ddc
_n
999 _c16260
_d16260